|
|
|
|
| LEADER |
01073nam a22002897i 4500 |
| 001 |
001944184 |
| 003 |
CZ BrMZK |
| 005 |
20250812092241.0 |
| 007 |
ta |
| 008 |
250812s1941 xr er|||||||||||cze d |
| 015 |
|
|
|a cnb000755652
|
| 035 |
|
|
|a (OCoLC)85648556
|
| 040 |
|
|
|a ABA001
|b cze
|c OLA001
|d ABA001
|d BOA001
|e rda
|
| 100 |
1 |
|
|a Köppel, Karel
|4 aut
|
| 245 |
1 |
0 |
|a Nové hmoty v elektrotechnice :
|b hliník a náhradní kovy /
|c Karel Köppel, František Holec
|
| 264 |
|
1 |
|a V Praze :
|b nákladem Ústavu pro zvelebování živností :
|b Výbor pro nové hmoty,
|c 1941
|
| 300 |
|
|
|a 50 stran ;
|c 21 cm
|
| 336 |
|
|
|a text
|b txt
|2 rdacontent
|
| 337 |
|
|
|a bez média
|b n
|2 rdamedia
|
| 338 |
|
|
|a svazek
|b nc
|2 rdacarrier
|
| 490 |
1 |
|
|a Knižnice Výboru pro nové hmoty ;
|v svazek 6
|
| 700 |
1 |
|
|a Holec, František,
|d 1902-
|7 jk01041681
|4 aut
|
| 830 |
|
0 |
|a Knižnice Výboru pro nové hmoty (Výbor pro nové hmoty)
|
| 910 |
|
|
|a BOA001
|b 2-0157.626,6
|
| 990 |
|
|
|a BK
|
| 991 |
|
|
|b 202507
|
| 996 |
6 |
|
|b BC-2597730
|c 2-0157.626,6
|l MZK
|r Sklad / do 24 hodin
|n 0
|w 002014761
|u 000010
|a 1
|e BOA001
|j MZK50
|s P
|